Harry Potter Multiple Choice - Statistics

General Stats
  • This quiz has been taken 1,708 times
  • The average score is 14 of 15
Answer Stats
Question Answer % Correct
Who is the headmaster of Hogwarts from Harry's years 1-6? Albus Dumbledore
100%
What is the name of Harry's owl? Hedwig
99%
Which of these characters was NOT a Defence Against the Dark Arts Professor? James Potter
96%
Which train station is Platform 9 3/4 located Kings Cross
96%
What is the name of the Wizarding village near Hogwarts? Hogsmeade
95%
Which of these in NOT a Quidditch ball? Kwark
95%
Who is the Professor of Herbology at Hogwarts? Professor Sprout
95%
What is the name of the Weaslys home? The Burrow
95%
Which of these characters is/was not a member of the Order of the Phoenix? Stan Shunpike
94%
Which of these characters was in Ravenclaw? Cho Chang
93%
What is Harry's Patronus? Stag
93%
Which of these characters was an Auror? Kingsley Shacklebolt
89%
Which of these is a possible wandcore from Ollivander's Unicorn Tail Hair
84%
Which os these characters was in Hufflepuff? Ernie Macmillan
70%
In which Country is Hogwarts located in? Scotland
67%
No matching quizzes found
Score Distribution
Percent of People with Each Score
Percentile by Number Answered
Your Score History
You have not taken this quiz